00554nam a2200205 a 4500001001300000003000900013005001700022008004100039020001000080082001700090100001700107245008100124260003000205300000900235500003500244505001200279650002300291650001700314700001700331nice12345678IN_TiNIC20260116011550.0050524s1904 lona grp 000 0 eng  ac10000a891.553bKAS aKashfi, Waiz aAnwar-I-Suhaili, Or Lights of Canopusb Commonly Known as Kalilah and Damana aLondonbJohn Murrayc1904 a504p aincludes index and biblioraphy2 aIndexes aPersian Literature aPanchatantra1 aKashfi, Waiz